000 00204 a2200097 4500
020 _a9789871208760
041 _aspa
100 _aPeschke, Marci
245 _aKylie Jean, reina del campamento
942 _cBK
999 _c29638
_d29636